000
00218 a2200097 4500
001
22887
100
_a
Skolnik, M I
245
_a
Introduction to Radar Systems
260
_a
_b
McGraw-Hill
_c
1962
090
_c
15487
_d
15487
942
_a
NUST-CAE
_c
M
_c
6099
999
_c
257960
_d
257960